000 00546nam a22001817a 4500
003 UA-OsUOA
001 15556
007 ta
008 20031117b un ||||| |||| 00| 0 ukr d
100 _aЗахарова В.
942 _cSA
040 _aUA-OsUOA
_cUA-OsUOA
_dUA-OsUOA
245 _aПро що гомонить бомонд...:[Огляд культурних подій у Рівному]
300 _aС.8
955 _a0
773 0 _w0
_tІмідж
_dРівне
_d2003
_g№11/черв./
650 7 _aКраєзнавча робота
_2UDC
999 _c301721
_d301721